| 000 | 00923nam a2200253 4500 | ||
|---|---|---|---|
| 005 | 20220607111314.0 | ||
| 008 | 220607s2021 ck a|||gr|||| 00| 0 spa d | ||
| 020 | _a9789587787047 | ||
| 040 |
_aCO-BoUCM _bspa _cDeissy Garcia _dDeissy Garcia |
||
| 041 | 0 | _aspa | |
| 100 | 1 |
_9174928 _aVílchez Quesada, Enrique |
|
| 245 | 1 | 0 |
_aMatemática discreta con apoyo de software _cEnrique Vílchez Quesada |
| 260 |
_aBogotá _bAlpha _c2021 |
||
| 300 |
_a615 páginas _bilustraciones |
||
| 504 | _aIncluye referencias bibliográficas e índices | ||
| 650 | 0 |
_9100964 _aComputadores _x Matemáticas |
|
| 650 | 0 |
_952703 _aMatemáticas discretas |
|
| 650 | 7 |
_99008 _aAnálisis matemático |
|
| 650 | 0 |
_932275 _aÁrboles (Teoría de grafos) |
|
| 650 | 7 |
_925269 _aTeoría de grafos |
|
| 650 | 7 |
_918802 _aLógica simbólica y matemática |
|
| 942 |
_2DEWEY _cLIBRO _a25 _e1 _h511.3 _mV867m _n0 |
||
| 999 |
_c321295 _d321295 |
||